|
|
|
|
| LEADER |
00000nam0a2200000 4500 |
| 001 |
678177 |
| 005 |
20250116131231.0 |
| 090 |
|
|
|a 678177
|
| 100 |
|
|
|a 20250116d1978 km|y0rusy50 ca
|
| 101 |
0 |
|
|a rus
|
| 102 |
|
|
|a RU
|
| 105 |
|
|
|a a z 001yy
|
| 181 |
|
0 |
|a i
|b e
|
| 182 |
|
0 |
|a n
|
| 183 |
|
0 |
|a nc
|2 RDAcarrier
|
| 200 |
1 |
|
|a Тектоника и глубинное строение северо-восточной части Балтийского щита
|e сборник
|f Геологический институт Кольского филиала АН СССР
|
| 203 |
|
|
|a Текст
|b визуальный
|c непосредственный
|
| 210 |
|
|
|a Апатиты
|c [Б. и.]
|d 1978
|
| 215 |
|
|
|a 106 с.
|c ил.
|
| 283 |
|
|
|a volume
|2 RDAcarrier
|
| 320 |
|
|
|a Литература в конце статей
|
| 606 |
1 |
|
|a Тектоника
|9 76521
|
| 610 |
1 |
|
|a Балтийский щит
|
| 610 |
1 |
|
|a глубинное строение
|
| 610 |
1 |
|
|a Кольский полуостров
|
| 610 |
1 |
|
|a земная кора
|
| 610 |
1 |
|
|a исследование
|
| 610 |
1 |
|
|a структурные ярусы
|
| 610 |
1 |
|
|a тектоническое районирование
|
| 610 |
1 |
|
|a разломообразование
|
| 610 |
1 |
|
|a складчатые структуры
|
| 610 |
1 |
|
|a разрывные структуры
|
| 610 |
1 |
|
|a описание
|
| 675 |
|
|
|a 551.24
|v 4
|
| 712 |
0 |
2 |
|a Академия наук СССР
|b Кольский научный центр
|b Геологический институт
|c (Апатиты)
|4 570
|9 26923
|
| 801 |
|
0 |
|a RU
|b 63413507
|c 20250116
|
| 830 |
|
|
|a Ретро2024Каталогизация Шило
|
| 850 |
|
|
|a 63413507
|
| 942 |
|
|
|c BK
|